000 01533nam0a2200349 4500
001 RU\NLR\bibl\1380001
005 20250615193125.0
010 _a978-5-358-06299-3
_bв пер.
_92000
021 _aRU
_b2009-28397
_91702
035 _a(nilc)RSL-KNO-004291951
035 _a(NLR Aleph) 001372094
090 _a1048193
_c1048193
100 _a20090410d2008 |||y0rusy50 ca
101 0 _arus
102 _aRU
105 _aa zzzz|||||
200 1 _aЯхромский мост
_eочерки боевых действий на территории Дмитровского района в период битвы за Москву, ноябрь-декабрь 1941
_fВ. С. Карасев
210 _aМосква
_cДрофа
_d2008
215 _a256, [25] с.
_cфот.
_d22
320 _aБиблиогр. в подстроч. примеч.
320 _aУказ. населенных пунктов Дмитровского района: с. 254-256
606 1 _aВеликая Отечественная война
_xВоенные операции
_yДмитровский район (Московская область)
_z1941 - 1945
_z1941
_92590947
_3RU\NLR\auth\661531162
686 1 _aЦ35(2)722.221
686 1 _aТ3(2)722.111
700 1 _aКарасев
_bВ. С.
_gВасилий Степанович
_4070
801 0 _aRU
_bРКП
_c20090410
_grcr
801 1 _aRU
_bРГБ
_c20090410
801 2 _aRU
_bNLR
_c20090610
_grcr
942 _cBOOK
980 _aNB